000 00458nam a2200169Ia 4500
008 220803s9999 xx 000 0 und d
020 _a978-0-415-78037-7
041 _aeng
082 _a720.47 PAR/ZAR
100 _aParr A Ed.
_922170
245 _aNew Directions In Sustainable Design
260 _aLondon
_bRoutledge
_c2011
300 _a262p
500 _aEnvironment
650 _aEnvironmental Architecture
_922171
700 _aZaretsky M Ed.
_922172
999 _c14454
_d14454